American Government Acronyms #1 - Statistics

General Stats
  • This quiz has been taken 27 times
  • The average score is 33 of 54
Answer Stats
Group Answer % Correct
SCOTUS States
100%
USDC States
100%
USMS States
100%
USN States
100%
SCOTUS United
100%
USDC United
100%
USMS United
100%
USN United
100%
DOJ of
96%
SCOTUS of
96%
FOIA of
96%
DOJ Department
92%
DOJ Justice
92%
SCOTUS the
92%
EPA Agency
84%
DC Columbia
84%
DC District
84%
USDC District
84%
SCOTUS Court
80%
USDC Court
80%
SCOTUS Supreme
80%
FAA Federal
76%
TSA Security
72%
EPA Environmental
68%
EPA Protection
68%
TSA Administration
64%
FAA Administration
64%
ATF Alcohol
64%
ATF Firearms
64%
ATF Tobacco
64%
BLM Bureau
52%
ICE Immigration
52%
FAA Aviation
48%
USN Navy
48%
TSA Transportation
44%
ICE Customs
40%
BLM Land
40%
USMS Service
40%
ICE Enforcement
36%
FY Year
36%
FY Fiscal
32%
FOIA Information
32%
BLM Management
32%
FOIA Act
28%
FOIA Freedom
28%
FCSIC Corporation
24%
NRC Commission
20%
FCSIC Credit
16%
FCSIC Insurance
16%
FCSIC System
16%
FCSIC Farm
12%
NRC Nuclear
12%
NRC Regulatory
12%
USMS Marshals
8%
No matching quizzes found
Score Distribution
Percent of People with Each Score
Percentile by Number Answered
Your Score History
You have not taken this quiz